000 01519nam a22002775i 4500
001 160790
003 ES-MaACL
005 20250728180524.0
008 041004s1855 fr a |||| | spa d
040 _aCAM
_bspa
_cCAM
245 0 0 _aNovelas selectas é ilustradas.
260 _aParis :
_bSeñores de Lassalle y Mélan,
_c1855 (
_fImprenta Bonaventure y Ducessois)
300 _a379 p. :
_bil. ;
_c29 cm.
505 8 _aContiene: Las memorias de un angel / Emmanuel Gonzales: p. 1-86 y de la p. 263-307. La Abadia de San Andrés / Octavio Feré: p.87-129. El ultimo coronel / Julio de Saint-Felix: p. 130-173. La casa tapiada / Elias Berthet: p. 174-198. El teniente de la Minerva / Eugenio de Mirecourt: p.199-235. Luisa de Lorena / Clemencia Robert: p.308-347. Justina / Elias Berthet: p.348-368. Los baños del Peñon o los espiritus golpeantes / Octavio Feré: p. 369-375. El monje de Saire: leyenda de marinos de la Mancha / Octavio Feré: p.376-379
594 _aPrecede al tit. "Publicación del Correo de Ultramar"
594 _aTraducidas al español por N.A.
599 _aLas ils. escenifican el texto.
700 0 _aGonzalès, Emmanuel.
_958267
700 0 _aFéré, Octave.
_949280
700 1 _aSaint-Félix, Jules de,
_d1806-1874
_9154811
700 0 _aBerthet, Elie.
_928448
700 1 _aMirecourt, Eugène de,
_d1812-1880
_9129980
700 1 _aRobert, Clémence.
_9131878
852 _aES-MaACL
_jC-2094
_z-- Enc. hol.
_z-- Legado de M. de La Fuente
999 _c160790
_d160790